| 000 | 01461cam a2200217 4500 | ||
|---|---|---|---|
| 001 | ##L135777 | ||
| 008 | 061211n2006 000 0 eng u | ||
| 035 | _a(Sirsi) u135777 | ||
| 041 | 0 | _aeng | |
| 050 | 0 | 4 | _a333.73 $2 18 |
| 110 | 2 |
_aEnglish Partnerships _91764 |
|
| 245 | 0 | 0 |
_aBrownfield strategy policy consultation workshop _bdiscussion paper _bpolicy issues and outline proposals |
| 260 |
_aLondon _bEnglish Partnerships _c2006 |
||
| 520 | _aOutlines the key policy issues that have been raised through the process of developing a National Brownfield Strategy for England. Looks at the case for brownfield regeneration, the stock of brownfield land, and the issues and pressures that the strategy should address. Identifies six over-arching principles which include: focusing on areas that have the infrastructure to support redevelopment, taking full regard of the environmental impact of remediation, applying the highest design standards, and designing brownfield projects to support families and help combat anti-social behaviour. Concludes with a set of policy measures. | ||
| 590 | _aKA | ||
| 651 | 4 |
_aEngland _y886- |
|
| 690 | _aPROPERTY-PROPERTY MANAGEMENT-REGENERATION | ||
| 710 | 1 |
_aUnited Kingdom _bDepartment for Communities and Local Government _94939 |
|
| 856 | 4 | 0 |
_uhttps://www.englishpartnerships.co.uk/page.aspx?pointerID=BDD60DCC260841C9B1B16D6E05D724FA _zView the item free of charge at www.englishpartnerships.co.uk... |
| 942 | _n0 | ||
| 999 |
_c106207 _d106207 |
||